| 000 | 01521nam a2200325 i 4500 | ||
|---|---|---|---|
| 001 | 106255 | ||
| 003 | ES-MaACL | ||
| 005 | 20230929062532.0 | ||
| 007 | t| | ||
| 008 | 061009r1990 sp fhp d |||| | spa d | ||
| 020 | _a84-249-1334-5 | ||
| 080 | _a806.0-3 | ||
| 245 | 0 | 0 |
_aDiccionario de autoridades _b: edición facsímil / _cReal Academia Española. |
| 246 | 3 | 5 | _aDiccionario de la lengua castellana, en que se explica el verdadero sentido de las voces, su naturaleza y calidad... los proverbios o refranes... |
| 250 | _aReimp. | ||
| 260 |
_aMadrid : _bGredos, _c1990. |
||
| 300 |
_a3 v. : _b[1] h. de lám. ; _c25 cm. |
||
| 490 | 1 |
_aBiblioteca románica hispánica, V. _aDiccionarios ; _v3 |
|
| 505 | 8 |
_aContiene: [1] ; _tA-C - [2] ; _tD-Ñ - [3] ; _tO-Z |
|
| 534 |
_p[1] Reprod. facs. de la ed. de: _cMadrid : Imp. de Francisco del Hierro, Imp. de la RAE, 1726. |
||
| 534 |
_p[2] Reprod. facs. de la ed. de: _cMadrid : Imp. de la Real Academia Española : por la Viuda de Francisco del Hierro, 1732. |
||
| 534 |
_p[3] Reprod. facs. de la ed. de: _cMadrid : Imp. de la Real Academia Española : por los Herederos de Francisco del Hierro, 1737. |
||
| 650 | 0 | 4 |
_aLengua española- _vDiccionarios. _914137 |
| 655 | 7 |
_2tgfbne _9226495 _aFacsímiles |
|
| 710 | 2 |
_aReal Academia Española _96336 |
|
| 830 | 0 |
_aBiblioteca románica hispánica, V. _aDiccionarios ; _v3 _9179266 |
|
| 852 |
_aES-MaACL _jL-30421-23 _z-enc. guaflex _z. - Donat. Miguel A. Velasco |
||
| 942 | _2udc | ||
| 999 |
_c106255 _d106255 |
||